Statistics for Bands by One of Their Songs #2

Click here to take the quiz!

General Stats

  • This quiz has been taken 76 times
  • The average score is 9 of 15

Answer Stats

HintAnswer% Correct
Bohemian RhapsodyQueen
98%
Sweet Child O' MineGuns N' Roses
89%
Stairway to HeavenLed Zeppelin
88%
Back in BlackAC/DC
85%
American IdiotGreen Day
82%
Sweet Home AlabamaLynyrd Skynyrd
77%
The Sound of SilenceSimon & Garfunkel
74%
Enter SandmanMetallica
73%
I Don't Want to Miss a ThingAerosmith
70%
Rock and Roll All NiteKiss
62%
Iron ManBlack Sabbath
61%
School's OutAlice Cooper
35%
Sugar We're Goin DownFall Out Boy
26%
Hallowed Be Thy NameIron Maiden
24%
If You Were ThereWham!
3%

Score Distribution

Percentile by Number Answered

Percent of People with Each Score

Your Score History

You have not taken this quiz